000 01158cab a22002415a 4500
001 L143774
008 080530e20080513xxk f v 000 0 eng d
035 _a(Sirsi) u143774
041 0 _aeng
100 1 _aKendall, John
245 0 0 _aIndependent decisions
260 _c2008
490 0 _aSolicitor's Journal
_v152(19) 13 May 2008, 19(1)
520 _aDiscusses the use of expert determination to resolve commercial disputes and the potential benefits for the parties involved. Highlights the key characteristics of the procedure. Reviews cases demonstrating that expert determinations can follow informal procedures without being open to objections on technical grounds and which have become more difficult to challenge.
590 _aKA
650 2 4 _aDOUGHTY HANSON & CO LTD V ROE
650 2 4 _aBERNHARD SCHULTE GMBH & CO KG V NILE HOLDINGS LTD
650 2 4 _aJONES V SHERWOOD COMPUTER SERVICES PLC
650 2 4 _aVEBA OIL SUPPLY & TRADING GMBH V PETROTRADE INC (THE ROBIN)
651 4 _aEngland and Wales
_y1543-
690 _aMANAGEMENT-DISPUTE AVOIDANCE, MANAGEMENT AND RESOLUTION-DISPUTE MANAGEMENT AND RESOLUTION-ARBITRATION
942 _n0
999 _c80270
_d80270